Estatísticas para Qual jogador é, pelos clubes que jogou II

Clique aqui para jogar o quiz

Estatísticas Gerais

  • Esse quiz foi jogado 63 vezes
  • A pontuação média é 9 de 15

Estatísticas das Respostas

HintResposta% Correto
Defensor-URU > Cruzeiro > FlamengoArrascaeta
98%
Lanus-ARG > Chacaritas Jrs-ARG > Lanus-ARG> Cólon-ARG > Deportivo Pereira-COL > Nacional-PAR > Independ. Medellin-COL > Pachuca-MEX > Leon-MEX > Pachuca-MEX > Independ. Medellin-COL > Vasco > FluminenseGerman Cano
85%
Libertad-PAR > Lanus-ARG > Milan-ITA > PalmeirasGustavo Gomez
79%
Criciuma > Palmeiras > Atlético-MG > Shandong Taishan-CHIN > CorinthiansRoger Guedes
79%
Remo > Cruzeiro > Náutico > Albirex Niigata-JAP > Athlético-PR > PalmeirasRony
75%
Santos > Porto-POR > Werder Bremen-ALE > Juventus-ITA > Wolfsburgo-ALE > Atlético de Madrid-ESP > Wolfsburgo-ALE > Atlético de Madrid-ESP > Fenerbahce-TUR > FlamengoDiego
73%
Corinthians > São Caetano > Coritiba > Cruzeiro > Al Ahli-EAU > FlamengoEverton Ribeiro
71%
Grêmio > Liverpool-ING > Lazio-ITA > GrêmioLucas Leiva
67%
Paulista > Palmeiras > Santos > Mallorca-ESP > Santos > Alaves-ESP > Celta Vigo-ESP > Monaco-FRA > Espanyol-ESP > Monaco-FRA > PSG-FRA > Al Gharafa-CAT > West Ham-ING >Vasco > São Paulo > Fluminense > VascoNenê
67%
Jabaquara > São Vicente > Bandeirante > Jabaquara > Cascavel CR-PR > Maringá > Cascavel FC > Oliveirense-POR > Santa Rita > Coruripe > ASA > Resende > Volta Redonda > Goiás > CoritibaAlef Manga
58%
Santos > Napoli-ITA > Sampdoria-ITA > Reading-ING > CruzeiroRafael Cabral
46%
Caxias > Corinthians > Genova-ITA > Udinese-ITA > Genova-ITA > InternacionalEdenilson
35%
Imperatriz > XV de Jau > Gama > Noroeste > Gremio Prudente > Corinthians > beijing Gouan-CHIN > Corinthians > Avaí > Cianorte >Vila NovaRalf
29%
Paranavaí > Coritiba > Santos > Grêmio > Vasco > Operário-PRVanderlei
27%
Iraty-PR > São José > Marabá > Atlético-GO > Vila Nova > Bragantino > Coritiba > Santos > Grêmio > NáuticoVictor Ferraz
10%

Distribuição das Pontuações

Percentil de Números Respondidos

Porcentagem de Pessoas com Cada Pontuação

Sua Pontuação Histórica

Você não jogou esse quiz